| 000 | 01040nam a22003017a 4500 | ||
|---|---|---|---|
| 001 | BR2025004761 | ||
| 003 | BR-BrBNA | ||
| 005 | 20251203144848.0 | ||
| 008 | 251127b2025 bl.||||| |||| 00| 0 por d | ||
| 020 | _a85-99851-01-2 | ||
| 040 |
_aBR-BrBNA _bpor |
||
| 041 | _apor | ||
| 072 |
_aL73 _b4110 |
||
| 090 | _a4110 BR2025004761 | ||
| 100 | 0 | _aFigueiredo, Vera Cecília Ferreira de (org.) | |
| 100 | 0 | _aLôbo, José Ricardo (org.) | |
| 100 | 0 | _aGonçalves, Vitor Salvador Picão (org.) | |
| 110 | _aSecretaria de Defesa Agropecuária - Departamento de Saúde Animal, Esplanada dos Ministérios, Bloco D, Anexo A, 3. andar, Brasília, DF (Brasil) | ||
| 245 | _aPrograma nacional de controle eerradicação da brucelose e da tuberculose animal - PNCEBT | ||
| 260 |
_aBrasília, DF (Brazil) _c2006 |
||
| 300 | _a188 p. | ||
| 500 | _aIncludes several bibliographies; 24 illus.; 11 tables | ||
| 650 | _aDOENÇA ANIMAL | ||
| 650 | _aBRUCELOSE | ||
| 650 | _aTUBERCULOSE | ||
| 909 |
_a202511 _bSolange Oliveira |
||
| 942 | _cBK | ||
| 999 |
_c339240 _d339240 |
||